Hamilton Original broadway cast member quiz - Statistics

General Stats
  • This quiz has been taken 321 times
  • The average score is 9 of 26
Answer Stats
Hint Answer % Correct
Alexander Hamilton Lin-Manuel Miranda
97%
Aaron Burr Leslie Odom Jr.
88%
Marquis de Lafayette/Thomas Jefferson Daveed Diggs
77%
Eliza Hamilton Phillipa Soo
76%
John Laurens Anthony Ramos
75%
King George III Jonathan Groff
69%
George Washington Christopher Jackson
65%
Angelica Schuyler Renee Elise Goldsberry
62%
Peggy Schuyler/Maria Reynolds Jasmine Cephas Jones
54%
Hercules Mulligan Okieriete Onaodowan
46%
Ensemble Ariana Debose
27%
Alexander Hamilton alternate Javier Munoz
24%
Ensemble Thayne Jasperson
24%
Ensemble Jon Rua
17%
Ensemble Sasha Hutchings
13%
Ensemble Ephraim Sykes
10%
Ensemble Sydney James
10%
Ensemble Betsy Struxness
9%
Ensemble Seth Stewart
9%
Performer Andrew Chappelle
8%
Ensemble Carleigh Bettiol
8%
Performer Morgan Marcell
8%
Performer Neil Haskell
7%
Performer Stephanie Klemons
7%
Performer Voltaire Wade-Greene
6%
Ensemble Emmy Raver-Lapman
4%
No matching quizzes found
Score Distribution
Percent of People with Each Score
Percentile by Number Answered
Your Score History
You have not taken this quiz